000 00724 a2200277 4500
001 111530
020 _a0329454765
020 _a0786809140
020 _a1415594074
020 _a9780786809141
041 _aeng
082 _aP Year 3 [E]
092 _a2004113496
250 _a1st ed.
300 _a[32] p.
697 _aEtiquette - Fiction.
697 _aSalutations - Fiction.
697 _aWindows - Fiction.
856 _u000001/0000014c.jpg
040 _aBR-BrIDEA
_cBR-BrIDEA
090 _aP Year 3 [E]
_bJUS
100 _aJuster, Norton
_d1929
245 1 0 _aThe hello, goodbye window
_c Norton Juster
260 _a[S.l.]
_bMichael Di Capua Books/Hyperion Books for Children
_c2005
942 _cBK
999 _c111530
_d111530